Statistics for Most Populated Cities by Color

Click here to take the quiz!

General Stats

  • This quiz has been taken 1,131 times
  • The average score is 27 of 40

Answers on the Map

Answers color-coded by a green-red scale on the quiz's map according to % correct below.
Loading ...
 

Answer Stats

ColorCity% Correct
GreenNew York City
92%
PurpleTokyo
90%
GreenLos Angeles
89%
PinkMoscow
88%
PurpleDelhi
85%
PinkRio de Janeiro
85%
BlueBeijing
84%
OrangeJakarta
83%
PurpleMexico City
83%
GreenShanghai
83%
RedMumbai
82%
BlueSao Paulo
82%
Light BlueCairo
77%
OrangeManila
77%
PurpleGuangzhou
75%
BlueIstanbul
74%
BlueLagos
74%
RedOsaka
73%
OrangeSeoul
73%
YellowTehran
73%
OrangeBuenos Aires
70%
GreenBogota
68%
GreenKolkata
68%
PurpleJohannesburg
67%
BlueBangkok
66%
OrangeDhaka
63%
RedKarachi
63%
RedSantiago
63%
YellowKinshasa
61%
YellowHo Chi Minh City
58%
Light BlueChennai
57%
Light BlueSingapore
54%
Light BlueXian
54%
PinkHouston
52%
YellowHyderabad
48%
YellowNagoya
44%
RedChongqing
36%
PinkPhiladelphia
29%
PinkBandung
20%
Light BlueShantou
10%

Score Distribution

Percentile by Number Answered

Percent of People with Each Score

Your Score History

You have not taken this quiz